Statistics for SAT Words Click Quiz - A

Click here to take the quiz!

General Stats

  • This quiz has been taken 508 times
  • The average score is 11 of 15

Answer Stats

HintAnswer% Correct
OpponentAdversary
91%
DifficultArduous
85%
CaptureApprehend
84%
Make greaterAggrandize
83%
ScoldAdmonish
77%
DeviationAnomaly
77%
In the wrong timeAnachronistic
76%
Clump TogetherAgglutinate
74%
ConceitArrogance
74%
Comply or submit toAcquiesce
71%
EagernessAlacrity
67%
PinnacleApotheosis
65%
FlatterAdulate
62%
Make more tolerableAmeliorate
59%
Calm or put to restAllay
55%

Score Distribution

Percentile by Number Answered

Percent of People with Each Score

Your Score History

You have not taken this quiz